00486nam a22001577a 450000500170000001000150001702000260003203500140005803700130007208200110008510000160009624500680011226000750018027000420025530000310029720170829140446.0 aENG-120151 a9789350078204c200.00 aEN-103683 bDBAD/PUB a796.07 aSoni,Romila aYoung children in motion /cby Romila Soni [and] Sandhya Sangai aNew DelhibNational Council of Educational Research and Trainingc2016 aSri Aurobindo MargbNew Delhie110016 ax,263p. :c24cm (pbk)bill